00273 a2200133 4500001000700000020001800007040001100025100003200036240002400068245001900092300000800111362000900119440001100128182697 a85-01-02617-4 cMagnum aAndrade, Carlos Drummond de10aOs dias lindoslpor10aOs dias lindos a1880 a1998 1aRecord